Business research : (Record no. 21141)
[ view plain ]
| 000 -LEADER | |
|---|---|
| fixed length control field | 00995cam a22002895a 4500 |
| 001 - CONTROL NUMBER | |
| control field | 18129011 |
| 005 - DATE AND TIME OF LATEST TRANSACTION | |
| control field | 20201128023632.0 |
| 008 - FIXED-LENGTH DATA ELEMENTS--GENERAL INFORMATION | |
| fixed length control field | 140425s2014 enka frbd 001 0 eng d |
| 010 ## - LIBRARY OF CONGRESS CONTROL NUMBER | |
| LC control number | 2013387291 |
| 020 ## - INTERNATIONAL STANDARD BOOK NUMBER | |
| International Standard Book Number | 9780230301832 (pbk.) |
| 040 ## - CATALOGING SOURCE | |
| Original cataloging agency | DLC |
| Language of cataloging | eng |
| Transcribing agency | DLC |
| Modifying agency | EG-ScBUE |
| 082 04 - DEWEY DECIMAL CLASSIFICATION NUMBER | |
| Edition number | 22 |
| Classification number | 650.072 |
| Item number | COL |
| 100 1# - MAIN ENTRY--PERSONAL NAME | |
| Personal name | Collis, Jill. |
| 9 (RLIN) | 1512 |
| 245 10 - TITLE STATEMENT | |
| Title | Business research : |
| Remainder of title | a practical guide for undergraduate & postgraduate students / |
| Statement of responsibility, etc | Jill Collis & Roger Hussey. |
| 246 3# - VARYING FORM OF TITLE | |
| Title proper/short title | Business research : |
| Remainder of title | a practical guide for undergraduate and postgraduate students |
| 250 ## - EDITION STATEMENT | |
| Edition statement | 4th ed. |
| 260 ## - PUBLICATION, DISTRIBUTION, ETC. (IMPRINT) | |
| Place of publication, distribution, etc | Basingstoke : |
| Name of publisher, distributor, etc | Palgrave Macmllan, |
| Date of publication, distribution, etc | 2014. |
| 300 ## - PHYSICAL DESCRIPTION | |
| Extent | xxiii, 351 p. : |
| Other physical details | ill. ; |
| Dimensions | 24 cm. |
| 500 ## - GENERAL NOTE | |
| General note | Glossary : p. 340-345. |
| 500 ## - GENERAL NOTE | |
| General note | Index : p. 347-351. |
| 504 ## - BIBLIOGRAPHY, ETC. NOTE | |
| Bibliography, etc | Includes bibliographical references. |
| 650 #7 - SUBJECT ADDED ENTRY--TOPICAL TERM | |
| Topical term or geographic name as entry element | Business |
| General subdivision | Research |
| -- | Methodology. |
| Source of heading or term | BUEsh |
| 9 (RLIN) | 1465 |
| 651 ## - SUBJECT ADDED ENTRY--GEOGRAPHIC NAME | |
| Source of heading or term | BUEsh |
| 653 ## - INDEX TERM--UNCONTROLLED | |
| Resource For college | BAEPS, Business Administration |
| Arrived date list | February2016 |
| 700 ## - ADDED ENTRY--PERSONAL NAME | |
| Personal name | Hussey, Roger. |
| 9 (RLIN) | 1342 |
| 942 ## - ADDED ENTRY ELEMENTS (KOHA) | |
| Source of classification or shelving scheme | Dewey Decimal Classification |
| Withdrawn status | Item status | Source of classification or shelving scheme | Materials specified (bound volume or other part) | Damaged status | Not for loan | Vendor | Home library | Current library | Shelving location | Date acquired | Source of acquisition | Cost, normal purchase price | Serial Enumeration / chronology | Total Checkouts | Full call number | Barcode | Date last seen | Date last borrowed | Cost, replacement price | Koha item type | Total Renewals |
|---|---|---|---|---|---|---|---|---|---|---|---|---|---|---|---|---|---|---|---|---|---|
| Lost | Dewey Decimal Classification | Lost_In_Inventory_12-2-2024 | Academic Bookshop | Central Library | Central Library | First floor | 14/02/2016 | Purchase | 532.00 | 4865 | 1 | 650.072 COL | 000031538 | 24/08/2022 | 25/02/2016 | 665.00 | Book - Borrowing | ||||
| Dewey Decimal Classification | Academic Bookshop | Central Library | Central Library | First floor | 14/02/2016 | Purchase | 532.00 | 4865 | 2 | 650.072 COL | 000031539 | 15/07/2025 | 24/09/2018 | 665.00 | Book - Borrowing | 5 |